000 01325nam a2200325 i 4500
001 37131
003 KOSZ 005
005 20180329134635.0
008 050915s1995 enka g f 001 0 pol
020 _a1872286232
040 _aWA N
_cWA N
_dKOSZ 005/RW
041 0 _apol
_beng
110 1 _aPolska.
_bPolskie Siły Zbrojne na Zachodzie.
_bKoło Kobiet Żołnierzy w Wielkiej Brytanii.
245 1 0 _aPomocnicza Służba Kobiet w Polskich Siłach Zbrojnych na Zachodzie 1939-1945 /
_c[zespół redakcyjny: Anna Dzierżek et al.].
246 3 0 _aPSK 1939-45.
260 _aLondyn :
_bKoło Kobiet Żołnierzy PSZ w W. Brytanii,
_c1995.
300 _a207 stron :
_bilustracje ;
_c30 cm.
336 _aTekst
_btxt
_2rdacontent
337 _aBez urządzenia pośredniczacego
_bn
_2rdamedia
338 _aWolumin
_bnc
_2rdacarrier
380 _aDruki ulotne.
504 _aBibliografia na stronie 203. Indeks.
546 _aStreszczenie w języku angielskim.
610 2 4 _aPomocnicza Służba Kobiet (Polskie Siły Zbrojne na Zachodzie)
658 _aHistoria
700 1 _aDzierżek, Anna.
_eRedakcja
710 2 _aKoło Kobiet Żołnierzy PSZ w Wielkiej Brytanii.
856 _uhttp://koha.tu.koszalin.pl/cgi-bin/koha/opac-detail.pl?biblionumber=37131
_yKatalog online BPK
942 _2UKD
_cKS
999 _c37131
_d37131